Mandalas of the Bon religion (Record no. 3204)
[ view plain ]
| 000 -LEADER | |
|---|---|
| fixed length control field | 00839 a2200229 4500 |
| 010 ## - LIBRARY OF CONGRESS CONTROL NUMBER | |
| LC control number | ENG-85616 |
| 020 ## - INTERNATIONAL STANDARD BOOK NUMBER | |
| International Standard Book Number | 8186561005 |
| Terms of availability | 1850.00 |
| 035 ## - SYSTEM CONTROL NUMBER | |
| System control number | EN-69149 |
| 037 ## - SOURCE OF ACQUISITION | |
| Source of stock number/acquisition | D.B.Act / Pub |
| 082 14 - DEWEY DECIMAL CLASSIFICATION NUMBER | |
| Classification number | 250 |
| 090 ## - LOCALLY ASSIGNED LC-TYPE CALL NUMBER (OCLC); LOCAL CALL NUMBER (OCLC) | |
| -- | 3267 |
| -- | 3267 |
| 245 00 - TITLE STATEMENT | |
| Title | Mandalas of the Bon religion |
| Statement of responsibility, etc | edited by Tenzin Namdak, Yasuhiko Nagano, Musashi Tachikawa |
| Remainder of title | Tritan Norbutse collection, Kathmandu |
| 260 ## - PUBLICATION, DISTRIBUTION, ETC. (IMPRINT) | |
| Place of publication, distribution, etc | Delhi |
| Name of publisher, distributor, etc | Saujanya Publications |
| Date of publication, distribution, etc | 2004 |
| 270 ## - ADDRESS | |
| Address | 165-E, Kamla Nagar |
| City | Delhi |
| State or province | Delhi |
| Postal code | 110007 |
| Telephone number | 23844541 |
| Fax number | 23849007 |
| Electronic mail address | saujanya@del3.vsnl.net.in |
| 300 ## - PHYSICAL DESCRIPTION | |
| Extent | xliii, 131 p. |
| Other physical details | ill (col) |
| Dimensions | 28 cm (Hb) |
| 490 1# - SERIES STATEMENT | |
| Series statement | Bon studies ; |
| Volume number/sequential designation | 1 |
| 700 ## - ADDED ENTRY--PERSONAL NAME | |
| Personal name | Namdak, Tenzin |
| 700 ## - ADDED ENTRY--PERSONAL NAME | |
| Personal name | Nagano, Yasuhiko |
| 700 ## - ADDED ENTRY--PERSONAL NAME | |
| Personal name | Tachikawa, Musashi |
| 942 ## - ADDED ENTRY ELEMENTS (KOHA) | |
| Institution code [OBSOLETE] | dpl |
| Koha item type | English Books |
| Call number prefix | 250 / MAN |
| Withdrawn status | Lost status | Source of classification or shelving scheme | Damaged status | Not for loan | Collection code | Home library | Current library | Source of acquisition | Cost, normal purchase price | Total Checkouts | Full call number | Barcode | Date last seen | Copy number | Uniform Resource Identifier | Cost, replacement price | Price effective from | Koha item type |
|---|---|---|---|---|---|---|---|---|---|---|---|---|---|---|---|---|---|---|
| Dewey Decimal Classification | Not For Loan | Non-fiction | D.B.Act.Division | D.B.Act.Division | DBAD/PUB | 1850.00 | 250 MAN | EN-69149 | 15/09/2008 | 1 | 3410 | 1850.00 | 15/09/2008 | English Books |
